Регионална библиотека "Любен Каравелов" - Русе

Ужасни, непоносими, кошмарни маниери (Запис номер 346700)

MARC детайли
000 -Лидер
Контролно поле с фиксирана дължина 01579nam a2200349 a 4500
003 - Код на организацията, давaща контролен номер
Контролно поле BLK
005 - Дата и час на последна редакция
Контролно поле 20250721120450.0
008 - Елементи от данни с фиксирана дължина
fixed length control field 180411b bul|||||r ||||||| ||bul||
010 ## - Наследен системен номер
LC control number KNG00185655000
020 ## - Международен стандартен номер на книга ISBN
Международен стандартен номер на книга ISBN 9789549749953
040 ## - Източник на каталожния запис
Идентификатор на билиотеката - собственик на записа BLK
041 ## - Код за език
Код за езика на текст/звукозапис или на отделно заглавие Български
Код за езика КДБФ Български
080 ## - УДК
Текстов определител УДК Американска литература (на САЩ)
УДК код - определител по УДК 821.111(73)
УДК определител -93-34
УДК - код + определител 821.111(73)-93-34
100 ## - Редна дума - Автор
R(LIN) 1299
Автор Бакман, Бет
Авторска отговорност първи автор
139 ## - Редно поле
Редна дума Бакман, Бет
Авторски знак Бак - Б 16
245 10 - Сведения за заглавието
Заглавие Ужасни, непоносими, кошмарни маниери
Редно поле (дума) Бет Бакман ; ил. Ричард Уотсън ; прев. от англ. Виктория Илиева
257 ## - Страна на издаване
Страна на създаване/издаване Великобритания
260 ## - Област на издателските данни
Място на издаване, разпространение и проч. София
Име на издателя, разпространителя и проч. Клевър Бук
Година на издаване 2016
Печатница (Пловдив : Жанет 45)
9 (RLIN) 216689
Издателство - префикс ISBN 978-954-9749-
300 ## - Физическа характеристика
Страници 32 с.
Илюстрации и др. с цв. ил.
Размери/Мащаб 29 см
380 ## - Жанр
Жанр Детска худож. лит.
490 ## - СЕРИИ (Колекции)
Име на серия Аз се уча да чета
9 (RLIN) 208316
490 1# - СЕРИИ (Колекции)
Име на серия Ставам се по-добър
500 ## - Общи забележки
Забележка Ориг. загл., установено от доп. източник: Terrible, awful, horrible manners! / Beth Bracken, в сер. Ставам по-добър
653 ## - Ключова дума – ненормативна
Ключова дума адаптирани книги
653 ## - Ключова дума – ненормативна
Ключова дума литература за деца
700 ## - Други автори (авторска отговорност)
Лично име Уотсън, Ричард
Автороска отговорност (Описва отношението между автора и произведението) ил.
9 (RLIN) 344817
700 ## - Други автори (авторска отговорност)
Лично име Илиева, Виктория
Автороска отговорност (Описва отношението между автора и произведението) прев. от англ.
9 (RLIN) 1021
852 ## - Местоположение
Фондова буква Детски отдел
Систематично-азбучна сигнатура 821-93/Б 16 Б
999 ## - СИСТЕМНИ КОНТРОЛНИ НОМЕРА
Koha biblionumber 346700
Koha biblioitemnumber 346700
942 ## - АРТИКУЛИ
Вид на библиотечния материал Книги
Скрит в OPAC Не
Koha issues (borrowed), all copies 103
Периодичен библиозапис Да
944 ## - СЪЗДАВАНЕ И РЕДАКЦИЯ на ЗАПИСА
Създаване/Редакция Създаване
Дата на регистрацията/редакция 2019-11-21
Статус, дата на статуса Анна Гръцманова
Служител, извършил регистрацията/редакцията 30564
944 ## - СЪЗДАВАНЕ И РЕДАКЦИЯ на ЗАПИСА
Създаване/Редакция Редакция
Дата на регистрацията/редакция 2021-12-13
Служител, извършил регистрацията/редакцията ГГГ
Наличности
Код за отписване Код за изгубен артикул Източник на класификационната схема Код за повреда Коз за рестрикции Код за отдаване Артикулен № Име на библиотеката - собственик Име на библиотеката, в която се намира в момента Статус (Текущо местоположение) Дата на вписване в системата Местоположение - отдел Цена в лева Систематично азбучна сигнатура Баркод Цена в евро Служебен тип на артикула Инвентарен номер
Изтеглен Не е изгубен Universal Decimal Classification Не е повреден без рестрикции заемане за дома 749737 Регионална библиотека "Любен Каравелов" Русе Регионална библиотека "Любен Каравелов" Русе Детски отдел 2019-11-21 Детски отдел 4.18 ДХ 820/899/Б 16 120000837850 2.14 Книги  
Изтеглен Не е изгубен Universal Decimal Classification Не е повреден без рестрикции заемане за дома 749738 Регионална библиотека "Любен Каравелов" Русе Регионална библиотека "Любен Каравелов" Русе Детски отдел 2019-11-21 Детски отдел 4.18 ДХ 820/899/Б 16 120000837849 2.14 Книги  
  Не е изгубен Universal Decimal Classification Не е повреден без рестрикции заемане за дома 749739 Регионална библиотека "Любен Каравелов" Русе Регионална библиотека "Любен Каравелов" Русе Детски отдел 2019-11-21 Детски отдел 4.18 ДХ 820/899/Б 16 120000837851 2.14 Книги  
  Не е изгубен Universal Decimal Classification Не е повреден само за читалня ползва се в читалня 781023 Регионална библиотека "Любен Каравелов" Русе Регионална библиотека "Любен Каравелов" Русе Хранилище 2020-07-06 Хранилище 5.99 Цб ІІ 25388 120000845141 3.06 Книги 120000845141
  Не е изгубен Universal Decimal Classification Не е повреден без рестрикции заемане за дома 865304 Регионална библиотека "Любен Каравелов" Русе Регионална библиотека "Любен Каравелов" Русе Детски отдел 2021-12-16 Детски отдел 4.49 821-93/Б 16 Б 120000863215 2.30 Книги  
  Не е изгубен Universal Decimal Classification Не е повреден без рестрикции заемане за дома 865305 Регионална библиотека "Любен Каравелов" Русе Регионална библиотека "Любен Каравелов" Русе Подвързия, Комплектуване 2021-12-16 Детски отдел 4.49 821-93/Б 16 Б 120000863216 2.30 Книги  
Vip Innovations Ltd, Rousse, Bulgaria 2025